{"text_format":"2","workbook":"xlsx","n_sheets":1,"sheets":["Inventory"],"not_rendered":{"charts":0,"images":0,"macros":0,"external_links":0,"defined_names":0,"comments":0,"pivot_tables":0},"unopened":[],"bounds":{"document_bytes":16777216,"sheet_cells":100000,"run_cost":"one","rows_first":2000,"rows_last":500,"rows_between":2000,"halvings":0,"cell_chars":16384,"cell_head_chars":4096},"cells_cut":0,"cells_raw":0,"read":"whole","date_system":"1900"}

{"sheet":"Inventory","index":0,"n_rows":20,"n_cols":14,"rows_kept":20,"cut":false,"hidden":false,"merged":[]}
["Product","Manufacturer","RegistrationNumber","ProductType","PurchasedQuantity","PurchasedUnit","AverageCost","TotalCost","AppliedQuantity","AppliedUnit","AppliedCost","InventoryQuantity","InventoryUnit","InventoryCost"]
["0-0-60","Fert_Dist","","Fertilizer",130,"tons",350,45500,125.049395812857,"tons",43767.2885345,4.950604187143,"tons",1732.71146550005]
["18-46-0","Fert_Dist","","Fertilizer",130,"tons",499,64870,121.822161442165,"tons",60789.2585596406,8.177838557834,"tons",4080.74144035917]
["32-0-0","Fert_Dist","","Fertilizer",60,"tons",210,12600,53.3922029335821,"tons",11212.3626160522,6.6077970664179,"tons",1387.63738394776]
["46-0-0","Fert_Dist","","Fertilizer",44.9999999999296,"tons",325.133333333842,14631,40.086446932359,"tons",13033.440112628,4.9135530675706,"tons",1597.55988737195]
["82-0-0","Fert_Dist","","Fertilizer",123.27,"tons",533.75,65795.3625,57.6838463503911,"tons",30788.7529895213,65.5861536496089,"tons",35006.6095104788]
["Acuron","Syngenta","100-1466","CropProtection",375.000000000438,"gallons",62.9999999999264,23625,360.524039689944,"gallons",22713.0145004399,14.475960310494,"gallons",911.985499560057]
["AGROTAIN ADVANCED","Koch Agronomic Services, LLC","","CropProtection",24.9999999995909,"gallons",126.000000002062,3150,20.0432231105302,"gallons",2525.44611196813,4.9567768890607,"gallons",624.553888031868]
["Boundary 6.5 EC","Syngenta","100-1162","CropProtection",4.32908574344199,"gallons",73.0154168183977,316.09,0,"",0,4.32908574344199,"gallons",316.09]
["CruiserMaxx Vibrance - Soybeans - 140,000 seed bag","Syngenta","100-1508","CropProtection",1.52801875367504,"bag (140000 seed)",10.0129661126226,15.3,0,"",0,1.52801875367504,"bag (140000 seed)",15.3]
["Destiny HC","Winfield Solutions, LLC","","CropProtection",15.259923076592,"gallons",7.74912997131151,118.251127272727,0,"",0,15.259923076592,"gallons",118.251127272727]
["Flexstar GT 3.5","Syngenta","100-1385","CropProtection",5.627912820137,"gallons",29.5109404335011,166.085,0,"",0,5.627912820137,"gallons",166.085]
["Gramoxone SL 2.0","Syngenta","100-1431","CropProtection",275,"gallons",32,8800,268.502999636419,"gallons",8592.09598836541,6.497000363581,"gallons",207.904011634592]
["InterLock","Winfield Solutions, LLC","1381-50004","CropProtection",2.77,"gallons",58,160.66,0,"",0,2.77,"gallons",160.66]
["Miravis Ace","Syngenta","100-1645","CropProtection",14.75,"gallons",175,2581.25,0,"",0,14.75,"gallons",2581.25]
["N68B-3122","NK","","Seed",236.04,"bag (80000 kernel)",240,56649.6,230.735385403037,"bag (80000 kernel)",55376.4924967289,5.304614596963,"bag (80000 kernel)",1273.10750327112]
["Quadris Top SBX","Syngenta","100-1554","CropProtection",3.61,"gallons",265,956.65,0,"",0,3.61,"gallons",956.65]
["S24-K2","NK","","Seed",1.53,"bag (140000 seed)",52,79.56,0,"",0,1.53,"bag (140000 seed)",79.56]
["Trivapro","Syngenta","100-1613","CropProtection",75,"gallons",175,13125,61.7397407013857,"gallons",10804.4546227425,13.2602592986143,"gallons",2320.5453772575]
["Warrior II with Zeon Technology","Syngenta","100-1295","CropProtection",41.24,"gallons",300,12372,7.21048066585527,"gallons",2163.14419975658,34.0295193341447,"gallons",10208.8558002434]